000
00312nam a22001337a 4500
008
180925b xxu||||| |||| 00| 0 eng d
020
_a
9780465020447
041
_a
eng
080
_a
159/9
100
_a
49
101
_a
PSI
245
_a
Sex Murder And Rhe Meaning Of Life
_c
KenrickD.T
942
_2
udc
_c
BK
999
_c
48455
_d
48455